000 00328 a2200157 4500
001 49817
020 _a850808272X
040 _cAnchieta - Bela Vista
240 1 0 _aDe conto em conto
_lpor
245 1 0 _aDe conto em conto
300 _a95
362 0 _a2002
440 1 _aÁtica
650 4 _aLiteratura juvenil
942 _cBK
999 _c49817
_d49817